Revision of pond water quality fish farming in hun sen development center craing yov ការកែប្រែគុណភាពទឹកស្រះចិញ្ចឹមត្រីក្នុងមជ្ឈមណ្ឌលអភិវឌ្ឍន៏ ហ៊ុន សែល ក្រាំងយ៉ូវ (Record no. 3744)
[ view plain ]
| 000 -LEADER | |
|---|---|
| fixed length control field | 00668nam a22001577a 4500 |
| 003 - CONTROL NUMBER IDENTIFIER | |
| control field | OSt |
| 005 - DATE AND TIME OF LATEST TRANSACTION | |
| control field | 20151130141431.0 |
| 008 - FIXED-LENGTH DATA ELEMENTS--GENERAL INFORMATION | |
| fixed length control field | 151130b xxu||||| |||| 00| 0 eng d |
| 040 ## - CATALOGING SOURCE | |
| Transcribing agency | RUA |
| 082 ## - DEWEY DECIMAL CLASSIFICATION NUMBER | |
| Classification number | FIS KAO 1996 B163 Or.1 |
| 100 ## - MAIN ENTRY--PERSONAL NAME | |
| 9 (RLIN) | 4025 |
| Personal name | KAO, MONIRITH. |
| 245 ## - TITLE STATEMENT | |
| Title | Revision of pond water quality fish farming in hun sen development center craing yov ការកែប្រែគុណភាពទឹកស្រះចិញ្ចឹមត្រីក្នុងមជ្ឈមណ្ឌលអភិវឌ្ឍន៏ ហ៊ុន សែល ក្រាំងយ៉ូវ |
| 260 ## - PUBLICATION, DISTRIBUTION, ETC. (IMPRINT) | |
| Place of publication, distribution, etc. | Phnom Penh |
| Name of publisher, distributor, etc. | RUA |
| Date of publication, distribution, etc. | 1996 |
| 300 ## - PHYSICAL DESCRIPTION | |
| Extent | 79p. |
| Other physical details | ill. |
| Dimensions | 29cm. |
| 942 ## - ADDED ENTRY ELEMENTS (KOHA) | |
| Source of classification or shelving scheme | |
| Koha item type | FIS |
| Price effective from | Date last seen | Permanent Location | Not for loan | Date acquired | Source of classification or shelving scheme | Koha item type | Lost status | Withdrawn status | Date last checked out | Total Checkouts | Shelving location | Damaged status | Barcode | Current Location | Full call number |
|---|---|---|---|---|---|---|---|---|---|---|---|---|---|---|---|
| 2015-11-30 | 2015-11-30 | Library Block B | 2015-11-30 | FIS | B163 | RUA010307 | Library Block B | FIS KAO 1996 B163 Or.1 | |||||||
| 2015-11-30 | 2015-11-30 | Library Block B | 2015-11-30 | FIS | B163 | RUA010235 | Library Block B | FIS KAO 1996 B163 Or.2 | |||||||
| 2015-11-30 | 2015-11-30 | Library Block B | 2015-11-30 | FIS | B163 | RUA010451 | Library Block B | FIS KAO 1996 B163 Or.3 | |||||||
| 2015-11-30 | 2015-11-30 | Library Block B | 2015-11-30 | FIS | B163 | RUA011222 | Library Block B | FIS KAO 1996 B163 Or.4 | |||||||
| 2015-11-30 | 2020-01-15 | Library Block B | 2015-11-30 | FIS | 2020-01-08 | 1 | B163 | RUA011092 | Library Block B | FIS KAO 1996 B163 Or.5 | |||||
| 2015-11-30 | 2015-11-30 | Library Block B | 2015-11-30 | FIS | B163 | RUA043559 | Library Block B | FIS KAO 1996 B163 Or.6 | |||||||
| 2015-11-30 | 2022-03-11 | Library Block B | 2015-11-30 | FIS | 2022-03-01 | 2 | B163 | RUA010379 | Library Block B | FIS KAO 1996 B163 Or.7 | |||||
| 2015-11-30 | 2015-11-30 | Library Block B | 2015-11-30 | FIS | B163 | RUA011112 | Library Block B | FIS KAO 1996 B163 Or.8 | |||||||
| 2016-11-11 | 2016-11-11 | Library Block B | 2016-11-11 | FIS | B163 | RUA045434 | Library Block B | FIS KAO 1996 B163 Or.9 |